Normal view
MARC view
- العقارات --مشكلات -- تمويل
Entry Topical Term
001 - CONTROL NUMBER
- control field: 32500
003 - CONTROL NUMBER IDENTIFIER
- control field: JO-AjAnu
005 - DATE AND TIME OF LATEST TRANSACTION
- control field: 20230606075448.0
008 - FIXED-LENGTH DATA ELEMENTS
- fixed length control field: 230606|| aca||aabn | a|a d
040 ## - CATALOGING SOURCE
- Original cataloging agency: JO-AjAnu
- Transcribing agency: JO-AjAnu
150 ## - HEADING--TOPICAL TERM
- Topical term or geographic name entry element: العقارات --مشكلات -- تمويل
670 ## - SOURCE DATA FOUND
- Source citation: Work cat.: (JO-AjAnu)16695: سليم ، أيمن سعد, author 32499, مشكلات اتفاق التمويل " دراسة مقارنة "